[Denny Becker: Versorgung, Niederlassung und Lebenswelt preußischer Soldaten- und Invalidenfamilien auf dem Land (1740-1806)

Titel: [Denny Becker: Versorgung, Niederlassung und Lebenswelt preußischer Soldaten- und Invalidenfamilien auf dem Land (1740-1806) / Sebastian Ernst
Verfasser:
In: Preußenland, Band 8 (2017), Seite 223-224
alle Artikel anzeigen
Veröffentlicht: 2017 [2018]
Format: Aufsatz
Sprache: Deutsch
Schlagworte:
Kein Bild verfügbar
X
alg: 43223800
001A    $03025:01-06-18 
001B    $01999:01-06-18 $t22:33:00.000 
001C    $03025:01-06-18 $t12:39:07.000 
001D    $03025:01-06-18 
001U    $0utf8 
001X    $00 
002@    $0Aou 
002C    $aText $btxt $2rdacontent 
002D    $aohne Hilfsmittel zu benutzen $bn $2rdamedia 
002E    $aBand $bnc $2rdacarrier 
003@    $043223800X 
007A    $043223800X $aHEB 
010@    $ager 
010E    $erda 
011@    $a2017 $n2017 [2018] 
013D    $#Newspapers Sections, columns, etc. Reviews $#Book reviewing $#Journaux Cahiers, chroniques, etc. Comptes rendus $#Livres Recension $#Rezension $#Buchbesprechung $#Buchrezension $#Buchkritik $74049712-4 $8Rezension [Ts1] $9085138568 
021A    $a[Denny Becker: Versorgung, Niederlassung und Lebenswelt preußischer Soldaten- und Invalidenfamilien auf dem Land (1740-1806) $hSebastian Ernst 
028A    $BVerfasser $#Ernst, S. $4aut $71159647186 $8Ernst, Sebastian [Tp3] $9431209030 
031A    $d8 $h223-224 $j2017 
039B    $aEnthalten in $8--Abvc--. Preußenland. - Osnabrück : Fibre-Verl., 1963-. - ISSN 0032-7972 $x201700000080000777 $9047115017 
039T    $aRezension von $8--Aax--Becker, Denny$Z1978- [Tp3]. Versorgung, Niederlassung und Lebenswelt preußischer Soldaten- und Invalidenfamilien auf dem Land (1740-1806). - [1. Auflage]. - Berlin : wvb Wissenschaftlicher Verlag Berlin, [2016]. - 447 Seiten. - Illustrationen. - ISBN 978-3-86573-958-2 $9387856641 
045T    $a8,1 

lok: 43223800 78

exp: 43223800 78 1 #EPN
201B/01 $001-06-18 $t12:39:07.000 
201C/01 $001-06-18 
201U/01 $0utf8 
203@/01 $01022922637 
208@/01 $a01-06-18 $be 
209A/01 $a/ $f000 $x00 
209A/01 $ab*p $x01 
220C/01 $akoe 
247C/01 $82080>Marburg/Lahn, Herder-Institut, Forschungsbibliothek, Bibliographieportal $9336309341
LEADER 00000caa a2200000 c 4500
001 43223800X
003 DE-603
005 20180601223300.0
007 tu
008 180601s2017 xx |||| | u00||u|ger c
035 |a (DE-599)HEB43223800X 
040 |a DE-603  |b ger  |c DE-603  |d DE-603  |e rda 
041 |a ger 
084 |a 8,1  |2 ssgn 
100 1 |a Ernst, Sebastian  |e Verfasser  |4 aut  |0 (DE-603)431209030  |0 (DE-588)1159647186  |2 gnd 
245 0 0 |a [Denny Becker: Versorgung, Niederlassung und Lebenswelt preußischer Soldaten- und Invalidenfamilien auf dem Land (1740-1806)  |c Sebastian Ernst 
264 0 |c 2017 [2018] 
336 |a Text  |b txt  |2 rdacontent 
337 |a ohne Hilfsmittel zu benutzen  |b n  |2 rdamedia 
338 |a Band  |b nc  |2 rdacarrier 
655 7 |a Rezension  |2 gnd-content  |0 (DE-588)4049712-4  |0 (DE-603)085138568 
773 0 8 |i Enthalten in  |t Preußenland  |d Osnabrück : Fibre-Verl., 1963-  |h 24 cm  |x 0032-7972  |g Band 8 (2017), Seite 223-224  |w (DE-603)047115017  |w (DE-600)123737-8 
787 0 8 |i Rezension von  |a Becker, Denny, 1978-  |t Versorgung, Niederlassung und Lebenswelt preußischer Soldaten- und Invalidenfamilien auf dem Land (1740-1806)  |b [1. Auflage]  |d Berlin : wvb Wissenschaftlicher Verlag Berlin, [2016]  |h 447 Seiten, Illustrationen  |z 9783865739582  |z 386573958X  |w (DE-603)387856641 
924 0 |9 2080  |a (DE-603)1022922637  |b DE-2080  |c HES  |d d  |g /